[Event "13. Sparkassen Open 2014 - Gruppe A"]
[Site "Forchheim"]
[Date "2014.10.04"]
[Round "4.2"]
[White "Imcke, Patrick"]
[Black "Carlstedt, Jonathan"]
[Result "0-1"]
[WhiteElo "2048"]
[BlackElo "2442"]
[PlyCount "62"]
[EventDate "2014.??.??"]

1. e4 c5 2. Nf3 Nf6 3. Nc3 d5 4. exd5 Nxd5 5. Nxd5 Qxd5 6. d4 cxd4 7. Qxd4 Qxd4
8. Nxd4 a6 9. Be3 e5 10. Nb3 Nc6 11. Bc4 Bf5 12. c3 Rc8 13. O-O Nb4 14. cxb4
Rxc4 15. a3 Be7 16. Na5 Rc7 17. Rac1 Rd7 18. Rc8+ Bd8 19. Rb8 Be4 20. Bc5 f6
21. f4 Rd2 22. Rf2 Rd1+ 23. Rf1 Rd2 24. Rf2 Rd1+ 25. Rf1 Rxf1+ 26. Kxf1 exf4
27. Nxb7 Kd7 28. Nd6 Bd5 29. a4 Rg8 30. Bb6 g6 31. Nc8 Bc7 0-1

[Event "13. Sparkassen Open 2014 - Gruppe A"]
[Site "Forchheim"]
[Date "2014.10.04"]
[Round "4.3"]
[White "Hacker, Jonas"]
[Black "Schwab, Matthias"]
[Result "1/2-1/2"]
[WhiteElo "2242"]
[BlackElo "2082"]
[PlyCount "114"]
[EventDate "2014.??.??"]

1. e4 e5 2. Nf3 Nc6 3. Bb5 a6 4. Ba4 Nf6 5. d3 b5 6. Bb3 Be7 7. O-O O-O 8. Re1
d6 9. c3 Na5 10. Bc2 c5 11. Nbd2 Nc6 12. a4 Rb8 13. h3 Qc7 14. Nf1 d5 15. axb5
axb5 16. Ng3 d4 17. cxd4 Nxd4 18. Nxd4 cxd4 19. Bb3 Nd7 20. Rf1 Nc5 21. f4 Nxb3
22. Qxb3 Be6 23. Qd1 f6 24. Nf5 Bxf5 25. exf5 Bd6 26. Qf3 exf4 27. Bxf4 Bxf4
28. Qxf4 Qxf4 29. Rxf4 Rfd8 30. Ra7 h5 31. Re4 Re8 32. Rxd4 Rbd8 33. Rdd7 Rxd7
34. Rxd7 Re5 35. g4 Re1+ 36. Kf2 Rb1 37. gxh5 Kh7 38. Ke3 Rxb2 39. Rb7 Kh6 40.
Kd4 Rb4+ 41. Kc5 Rf4 42. d4 Rxf5+ 43. d5 Rxh5 44. Rxb5 Rxh3 45. d6 Rc3+ 46. Kd4
Rc8 47. d7 Rd8 48. Rd5 g5 49. Kc5 f5 50. Kd6 f4 51. Ke7 Rxd7+ 52. Kxd7 g4 53.
Rf5 g3 54. Rxf4 Kg5 55. Rf8 Kg4 56. Ke6 g2 57. Ke5 Kg3 1/2-1/2

[Event "13. Sparkassen Open 2014 - Gruppe A"]
[Site "Forchheim"]
[Date "2014.10.04"]
[Round "4.4"]
[White "Braun, Michael"]
[Black "Schulze, Andreas"]
[Result "0-1"]
[WhiteElo "1970"]
[BlackElo "2239"]
[PlyCount "72"]
[EventDate "2014.??.??"]

1. d4 Nf6 2. c4 g6 3. g3 d5 4. Bg2 Bg7 5. cxd5 Nxd5 6. Nf3 O-O 7. O-O c5 8. e3
cxd4 9. Nxd4 Nc6 10. Nxc6 bxc6 11. Qc2 Qb6 12. Nd2 Ba6 13. Rd1 Rfd8 14. a3 Rab8
15. Rb1 Nxe3 16. fxe3 Qxe3+ 17. Kh1 Bd3 18. Qa4 Bxb1 19. Nxb1 Qe2 20. Rf1 Bxb2
21. Bh6 c5 22. Qf4 f6 23. Qc7 Rbc8 24. Qb7 c4 25. Nd2 Qh5 26. Be3 Qe5 27. Bf4
Qe6 28. Nf3 Bxa3 29. Re1 Qd7 30. Qa6 Bb4 31. Rb1 Bd6 32. Be3 c3 33. Nd4 Be5 34.
Nc6 Qd6 35. Qxc8 Rxc8 36. Bd5+ Qxd5+ 0-1

[Event "13. Sparkassen Open 2014 - Gruppe A"]
[Site "Forchheim"]
[Date "2014.10.04"]
[Round "4.5"]
[White "Walter, Thomas"]
[Black "Jaehn, Michael"]
[Result "1/2-1/2"]
[WhiteElo "2116"]
[BlackElo "1984"]
[PlyCount "70"]
[EventDate "2014.??.??"]

1. e4 d6 2. d4 Nf6 3. Nc3 g6 4. f4 Bg7 5. Nf3 O-O 6. e5 dxe5 7. fxe5 Nd5 8. Bc4
Nb6 9. Bb3 Nc6 10. O-O Na5 11. Qe2 Nxb3 12. axb3 Bg4 13. Be3 Nd5 14. Nxd5 Qxd5
15. Qc4 Bxf3 16. Rxf3 Qxc4 17. bxc4 c5 18. c3 a6 19. Bg5 cxd4 20. cxd4 Rfd8 21.
Raf1 f6 22. exf6 Bxf6 23. Bxf6 exf6 24. Rxf6 Rxd4 25. Rf7 Rxc4 26. Rxb7 Rd8 27.
h3 Rc2 28. Re1 Kf8 29. Rf1+ Kg8 30. Re1 Kf8 31. Ree7 Rdd2 32. Rf7+ Ke8 33.
Rbe7+ Kd8 34. Ra7 Ke8 35. Rxh7 Rxg2+ 1/2-1/2

[Event "13. Sparkassen Open 2014 - Gruppe A"]
[Site "Forchheim"]
[Date "2014.10.04"]
[Round "4.6"]
[White "Eber, Fabian"]
[Black "Golda, Harald"]
[Result "0-1"]
[WhiteElo "2003"]
[BlackElo "2349"]
[PlyCount "72"]
[EventDate "2014.??.??"]

1. e4 c5 2. Nf3 d6 3. Bb5+ Bd7 4. Bxd7+ Qxd7 5. O-O Nc6 6. c3 Nf6 7. Re1 e6 8.
d4 cxd4 9. cxd4 d5 10. e5 Ne4 11. Nbd2 Nxd2 12. Bxd2 Be7 13. a3 O-O 14. Qe2
Rac8 15. Rac1 a6 16. Rc2 Na7 17. Rec1 Rxc2 18. Rxc2 Rc8 19. Qd1 Rc4 20. Rxc4
dxc4 21. Qc2 Qd5 22. Be3 b5 23. Nd2 f5 24. a4 Nc6 25. axb5 axb5 26. b3 f4 27.
bxc4 bxc4 28. Qxc4 fxe3 29. fxe3 Bg5 30. Kf2 Nxd4 31. Qc8+ Kf7 32. Qc7+ Kg6 33.
Nf3 Nxf3 34. Qc2+ Kh6 35. gxf3 Qxe5 36. f4 Bh4+ 0-1

[Event "13. Sparkassen Open 2014 - Gruppe A"]
[Site "Forchheim"]
[Date "2014.10.04"]
[Round "4.7"]
[White "Bunk, Karsten"]
[Black "Thinius, Marco"]
[Result "0-1"]
[WhiteElo "2093"]
[BlackElo "2335"]
[PlyCount "80"]
[EventDate "2014.??.??"]

1. c4 e5 2. g3 Nc6 3. Nc3 Bc5 4. Bg2 Nf6 5. e3 d6 6. Nge2 a6 7. d4 Ba7 8. h3
O-O 9. O-O Re8 10. a3 h6 11. b4 exd4 12. exd4 Bf5 13. Be3 Qd7 14. Kh2 Nd8 15.
Qd2 c6 16. Rad1 d5 17. c5 Ne4 18. Nxe4 Bxe4 19. f3 Bh7 20. Nf4 f6 21. h4 Bb8
22. Rfe1 Bc7 23. Nh5 Qf7 24. Nf4 g5 25. hxg5 hxg5 26. Nh3 Ne6 27. Bf1 Qh5 28.
Qg2 Bf5 29. Bd3 Ng7 30. Bf2 Rxe1 31. Bxe1 Kf7 32. Bxf5 Nxf5 33. Rd3 Re8 34. Bf2
Re2 35. Kg1 Bxg3 36. Bxg3 Rxg2+ 37. Kxg2 g4 38. Nf4 gxf3+ 39. Rxf3 Qg4 40. Ne2
Nh4+ 0-1

[Event "13. Sparkassen Open 2014 - Gruppe A"]
[Site "Forchheim"]
[Date "2014.10.04"]
[Round "4.8"]
[White "Weber, Daniel"]
[Black "Niedermeier, Thomas"]
[Result "1-0"]
[WhiteElo "2003"]
[BlackElo "2202"]
[PlyCount "55"]
[EventDate "2014.??.??"]

1. e4 c5 2. Nf3 d6 3. d4 cxd4 4. Nxd4 Nf6 5. Nc3 g6 6. Be3 Bg7 7. f3 O-O 8. Qd2
Nc6 9. O-O-O Bd7 10. Kb1 Ne5 11. g4 b5 12. h4 Nxf3 13. Nxf3 Bxg4 14. Qg2 b4 15.
e5 Bxf3 16. Qxf3 bxc3 17. exf6 Rb8 18. b3 Bxf6 19. h5 Rb4 20. hxg6 hxg6 21. a3
Rh4 22. Rxh4 Bxh4 23. Bh6 Qa5 24. Bxf8 Qxa3 25. Qxc3 Bf6 26. Rd4 Bg5 27. Rf4 e5
28. Qb4 1-0

[Event "13. Sparkassen Open 2014 - Gruppe A"]
[Site "Forchheim"]
[Date "2014.10.04"]
[Round "4.9"]
[White "Reis, Gerhard"]
[Black "Steinhart, Christoph"]
[Result "0-1"]
[WhiteElo "2203"]
[BlackElo "2025"]
[PlyCount "84"]
[EventDate "2014.??.??"]

1. Nf3 c5 2. c4 Nc6 3. Nc3 g6 4. g3 Bg7 5. Bg2 e5 6. O-O Nge7 7. a3 a5 8. Ne1
d6 9. Nc2 O-O 10. Rb1 f5 11. d3 h6 12. Bd2 Kh7 13. b4 axb4 14. axb4 cxb4 15.
Nxb4 Nxb4 16. Rxb4 Nc6 17. Rb1 Rf7 18. Bd5 Re7 19. e3 Be6 20. Bxe6 Rxe6 21.
Rxb7 Re7 22. Qb1 Qc8 23. Rxe7 Nxe7 24. Qb4 Qd7 25. Rb1 Ra7 26. Nb5 Rb7 27. Ra1
f4 28. e4 f3 29. Qb1 g5 30. Qf1 Nc6 31. h3 Nd4 32. Nxd4 exd4 33. Kh2 Be5 34.
Qc1 Kg6 35. Ra6 Kg7 36. c5 Rc7 37. c6 Qc8 38. Qc4 Kg6 39. Rb6 h5 40. Qd5 h4 41.
Be1 hxg3+ 42. fxg3 Ra7 0-1

[Event "13. Sparkassen Open 2014 - Gruppe A"]
[Site "Forchheim"]
[Date "2014.10.04"]
[Round "4.10"]
[White "Fries, Frederik"]
[Black "Bachstein, Dustin"]
[Result "1-0"]
[WhiteElo "2170"]
[BlackElo "2083"]
[PlyCount "89"]
[EventDate "2014.??.??"]

1. Nf3 Nf6 2. c4 g6 3. Nc3 Bg7 4. g3 O-O 5. Bg2 d6 6. d4 Nc6 7. O-O a6 8. Qd3
e5 9. dxe5 dxe5 10. Qxd8 Rxd8 11. Bg5 Re8 12. Nd2 h6 13. Bxf6 Bxf6 14. Rfd1 Be6
15. Nde4 Be7 16. Nd5 Bxd5 17. cxd5 Nd4 18. e3 Nb5 19. g4 Nd6 20. Nc3 Nb5 21.
Na4 Kh7 22. Rac1 Bd6 23. Rc2 b6 24. b3 Re7 25. Bf1 f5 26. h3 fxg4 27. hxg4 h5
28. gxh5 gxh5 29. Bh3 Rg8+ 30. Kh1 Rg5 31. Rg1 Reg7 32. Rxg5 Rxg5 33. Bc8 a5
34. Bd7 Na3 35. Rc6 Nb1 36. Bh3 Nd2 37. Bg2 h4 38. Rc2 h3 39. Rxd2 hxg2+ 40.
Kg1 e4 41. Rd1 Be5 42. d6 Bxd6 43. Nxb6 Rc5 44. Nc4 Rc6 45. Kxg2 1-0

[Event "13. Sparkassen Open 2014 - Gruppe A"]
[Site "Forchheim"]
[Date "2014.10.04"]
[Round "4.11"]
[White "Ulusoy, Tolga"]
[Black "Liepold, Stefan"]
[Result "0-1"]
[WhiteElo "2023"]
[BlackElo "2137"]
[PlyCount "118"]
[EventDate "2014.??.??"]
[WhiteTeam "SC Noris-Tarrasch Nürnberg"]
[BlackTeam "SC Erlangen"]

1. e4 c5 2. c3 Nf6 3. e5 Nd5 4. d4 cxd4 5. Nf3 Nc6 6. cxd4 d6 7. Bc4 Nb6 8. Bb3
dxe5 9. d5 Na5 10. Nc3 Nxb3 11. Qxb3 f6 12. O-O Kf7 13. Rd1 g6 14. Be3 Bd7 15.
a4 Rc8 16. a5 Nc4 17. Bxa7 Nxa5 18. Qb4 Nc4 19. Qxb7 Qc7 20. Qb3 Na5 21. Qb4
Qxa7 22. Rxa5 Qb8 23. Qa3 Bg7 24. Ra7 Rhd8 25. h3 Qb6 26. g4 Rb8 27. Rd2 Qb4
28. Qa6 Rb6 29. Qe2 Rb7 30. Rxb7 Qxb7 31. d6 e6 32. g5 Bc6 33. Nh2 f5 34. f3
Qb4 35. Qa6 Rxd6 36. Qa7+ Kg8 37. Qf2 Rxd2 38. Qxd2 Qd4+ 39. Qf2 Bf8 40. Kg2
Bc5 41. Qf1 Qd2+ 42. Kh1 Qxg5 43. Qd1 Qe3 44. Ne2 Bxf3+ 45. Nxf3 Qxf3+ 46. Kh2
Qf2+ 47. Kh1 Qf3+ 48. Kh2 Kg7 49. Qd7+ Kh6 50. Qd2+ Be3 51. Qd1 Bf4+ 52. Kg1
Be3+ 53. Kh2 Bf4+ 54. Kg1 e4 55. b4 Be3+ 56. Kh2 f4 57. b5 Qf2+ 58. Kh1 f3 59.
Ng1 Qg2# 0-1

[Event "13. Sparkassen Open 2014 - Gruppe A"]
[Site "Forchheim"]
[Date "2014.10.04"]
[Round "4.12"]
[White "Zhao, Kevin"]
[Black "Fieberg, Samuel"]
[Result "1-0"]
[WhiteElo "1907"]
[BlackElo "2020"]
[PlyCount "43"]
[EventDate "2014.??.??"]
[WhiteTeam "SC Erlangen"]
[BlackTeam "SG Porz"]

1. e4 c5 2. Nf3 d6 3. d4 cxd4 4. Nxd4 Nf6 5. Nc3 a6 6. Be2 e5 7. Nb3 Be7 8. O-O
O-O 9. Be3 Be6 10. f4 exf4 11. Bxf4 Nc6 12. Qe1 Qc7 13. Qg3 Ne5 14. Nd4 Ng6 15.
Be3 Kh8 16. Bd3 Rac8 17. Nxe6 fxe6 18. Qh3 e5 19. Nd5 Qd7 20. Rxf6 Qxh3 21.
Rxf8+ Rxf8 22. gxh3 1-0

[Event "13. Sparkassen Open 2014 - Gruppe A"]
[Site "Forchheim"]
[Date "2014.10.04"]
[Round "4.13"]
[White "Heidrich, Manfred"]
[Black "Etlender, Roman"]
[Result "1/2-1/2"]
[WhiteElo "2340"]
[BlackElo "2184"]
[PlyCount "40"]
[EventDate "2014.??.??"]
[WhiteTeam "SC Forchheim"]
[BlackTeam "Regensb. Turnerschaft"]

1. e4 c6 2. Nc3 d5 3. Nf3 Bg4 4. h3 Bxf3 5. Qxf3 e6 6. g3 Nf6 7. d3 Nbd7 8. Bg2
Bb4 9. O-O Qa5 10. Nb1 dxe4 11. dxe4 Rd8 12. Qe2 Qe5 13. c3 Be7 14. Bf4 Qb5 15.
c4 Qa6 16. Rd1 e5 17. Be3 O-O 18. Nc3 Bc5 19. Bf1 Bxe3 20. Qxe3 Qb6 1/2-1/2

[Event "13. Sparkassen Open 2014 - Gruppe A"]
[Site "Forchheim"]
[Date "2014.10.04"]
[Round "4.14"]
[White "Seidens, Udo"]
[Black "Miller, Eduard"]
[Result "0-1"]
[WhiteElo "2232"]
[BlackElo "2143"]
[PlyCount "120"]
[EventDate "2014.??.??"]
[WhiteTeam "SK Schweinfurt"]
[BlackTeam "SC Erlangen"]

1. c4 Nf6 2. g3 g6 3. Bg2 Bg7 4. Nc3 c5 5. a3 Nc6 6. Rb1 O-O 7. b4 d6 8. e3 Bf5
9. d3 Nd7 10. Nge2 Nde5 11. e4 Bg4 12. h3 Bf3 13. O-O Qd7 14. Bxf3 Nxf3+ 15.
Kg2 Nce5 16. Qa4 Qc8 17. Nd5 Re8 18. Be3 b6 19. Qb3 f5 20. bxc5 dxc5 21. Ng1
Nxg1 22. Rxg1 e6 23. f4 exd5 24. cxd5 c4 25. dxc4 Nxc4 26. e5 Nxe3+ 27. Qxe3
Qb7 28. Qf3 Rad8 29. Rgd1 Bxe5 30. fxe5 Rxe5 31. Rb3 Rexd5 32. Rbd3 Rxd3 33.
Qxb7 Rxd1 34. Qxa7 R1d2+ 35. Kf1 Rc8 36. Ke1 Rg2 37. Kd1 Rd8+ 38. Ke1 Re8+ 39.
Kf1 Rxg3 40. Qxb6 Rxa3 41. Qc6 Rae3 42. Qc4+ R3e6 43. Kf2 R8e7 44. h4 h5 45.
Kf3 Kg7 46. Qd4+ Kh7 47. Qd8 Re3+ 48. Kf4 R3e4+ 49. Kg3 Kg7 50. Kf3 Rf7 51. Kf2
Rb4 52. Kf3 Ra7 53. Ke2 Ra2+ 54. Kd3 Ra3+ 55. Kc2 Ra7 56. Kc3 Re4 57. Kb3 Rf7
58. Kc3 f4 59. Kd3 Ree7 60. Qd4+ Kh7 0-1

[Event "13. Sparkassen Open 2014 - Gruppe A"]
[Site "Forchheim"]
[Date "2014.10.04"]
[Round "4.15"]
[White "Günnigmann, Manuel"]
[Black "Kammer, Christoph"]
[Result "1-0"]
[WhiteElo "2177"]
[BlackElo "2017"]
[PlyCount "109"]
[EventDate "2014.??.??"]
[WhiteTeam "Stader SV"]
[BlackTeam "TSV Nittenau"]

1. e4 Nf6 2. e5 Nd5 3. c4 Nb6 4. d4 d6 5. exd6 cxd6 6. Nc3 g6 7. Be3 Bg7 8. Rc1
Bf5 9. Nf3 O-O 10. b3 d5 11. c5 Nc8 12. Be2 Bg4 13. h3 Bxf3 14. Bxf3 e6 15. b4
Ne7 16. O-O a6 17. a4 Nbc6 18. b5 Na5 19. Be2 Nf5 20. bxa6 bxa6 21. Bg4 Nxe3
22. fxe3 Nc4 23. Qd3 f5 24. Bf3 Bh6 25. Rce1 Rb8 26. Nd1 Rb4 27. Qc2 Qa5 28.
Kh1 Rxa4 29. Nc3 Ra3 30. Nxd5 Nd2 31. Ne7+ Kf7 32. Nc6 Qc3 33. Qxc3 Rxc3 34.
Rf2 Bxe3 35. Rxe3 Rxe3 36. Rxd2 Rc8 37. Rc2 Kf6 38. Ne5 Re1+ 39. Kh2 g5 40. c6
Rb1 41. Ra2 Rb4 42. Rxa6 Rxd4 43. Nd7+ Kg6 44. Nb6 Rc7 45. Na8 Rc8 46. c7 Rc4
47. Rxe6+ Kg7 48. Re7+ Kf6 49. Rxh7 Rb4 50. Nb6 Rxb6 51. Rh6+ Ke5 52. Rxb6 Rxc7
53. Kg3 Rc3 54. Rb7 g4 55. hxg4 1-0

[Event "13. Sparkassen Open 2014 - Gruppe A"]
[Site "Forchheim"]
[Date "2014.10.04"]
[Round "4.16"]
[White "Schulz, Lukas"]
[Black "Arnold, Max"]
[Result "0-1"]
[WhiteElo "2000"]
[BlackElo "2150"]
[PlyCount "68"]
[EventDate "2014.??.??"]
[WhiteTeam "SC Höchstadt/Aisch"]
[BlackTeam "SF Dornstetten-Pfalzgrafenweiler"]

1. d4 Nf6 2. Nc3 d5 3. Bg5 Nbd7 4. Nf3 c6 5. Qd3 Qa5 6. g3 Ne4 7. Bg2 e6 8. O-O
Nxg5 9. Nxg5 Be7 10. h4 h6 11. Nh3 Nf6 12. Rad1 b5 13. a3 O-O 14. e4 b4 15.
axb4 Bxb4 16. e5 Nd7 17. Ne2 Ba6 18. Qf3 Be7 19. Rfe1 Rab8 20. b3 c5 21. Nhf4
Rfc8 22. Bh3 Nf8 23. Nh5 Bxe2 24. Qxe2 cxd4 25. Rxd4 Rxc2 26. Qd1 Rbc8 27. Rf1
Qc7 28. Nxg7 Kxg7 29. Rg4+ Ng6 30. h5 Qxe5 31. hxg6 fxg6 32. Kg2 Re2 33. Qd3 g5
34. Ra4 Rc3 0-1

[Event "13. Sparkassen Open 2014 - Gruppe A"]
[Site "Forchheim"]
[Date "2014.10.04"]
[Round "4.17"]
[White "Huber, Edwin"]
[Black "Kolthoff, Siegmund"]
[Result "1-0"]
[WhiteElo "2148"]
[BlackElo "2073"]
[PlyCount "43"]
[EventDate "2014.??.??"]
[WhiteTeam "SV Ilmmünster"]
[BlackTeam "BW Buchholz"]

1. d4 Nf6 2. Nc3 d5 3. e4 dxe4 4. f3 e3 5. Bxe3 e6 6. Bd3 Nbd7 7. Nge2 c5 8.
Qd2 cxd4 9. Nxd4 Bb4 10. a3 Bxc3 11. Qxc3 Nd5 12. Qd2 Nxe3 13. Qxe3 O-O 14.
O-O-O a6 15. Qe4 Nf6 16. Qh4 Qa5 17. g4 h6 18. f4 e5 19. g5 Ng4 20. h3 Ne3 21.
gxh6 g6 22. Qf6 1-0

[Event "13. Sparkassen Open 2014 - Gruppe A"]
[Site "Forchheim"]
[Date "2014.10.04"]
[Round "4.18"]
[White "Nussbaumer, Johann"]
[Black "Heimrath, Reiner"]
[Result "0-1"]
[WhiteElo "2041"]
[BlackElo "2192"]
[PlyCount "68"]
[EventDate "2014.??.??"]
[BlackTeam "SC Noris-Tarrasch Nürnberg"]

1. d4 d6 2. c4 e5 3. dxe5 dxe5 4. Qxd8+ Kxd8 5. Bd2 Be6 6. e3 Nd7 7. Bc3 f6 8.
Nd2 c6 9. O-O-O Kc7 10. Ngf3 Nh6 11. h3 Nf7 12. Be2 a5 13. Ne4 Nc5 14. Nxc5
Bxc5 15. Rd2 Nd6 16. Rdd1 Nxc4 17. g4 Bb4 18. Bxc4 Bxc4 19. Nxe5 Bd5 20. e4
Bxc3 21. bxc3 Bxa2 22. Nd3 Bc4 23. Nf4 Rhe8 24. Rd4 b5 25. Rhd1 Re7 26. f3 Rf8
27. Kb2 g6 28. Nd3 f5 29. gxf5 gxf5 30. e5 Bxd3 31. R1xd3 Rxe5 32. Rd7+ Kb6 33.
Rxh7 Re2+ 34. Ka3 Rg8 0-1

[Event "13. Sparkassen Open 2014 - Gruppe A"]
[Site "Forchheim"]
[Date "2014.10.04"]
[Round "4.19"]
[White "Wagner, Florian"]
[Black "Tassell, Pierre"]
[Result "1/2-1/2"]
[WhiteElo "2215"]
[BlackElo "2041"]
[PlyCount "75"]
[EventDate "2014.??.??"]
[WhiteTeam "SC Noris-Tarrasch Nürnberg"]
[BlackTeam "SC Bavaria Regensb."]

1. e4 c5 2. Nf3 g6 3. d4 cxd4 4. Nxd4 Nc6 5. c4 Bg7 6. Nc2 d6 7. Be2 Nf6 8. Nc3
O-O 9. O-O Nd7 10. Bd2 a5 11. Rb1 Nc5 12. f3 Be6 13. Nd5 Bxd5 14. exd5 Nb4 15.
a3 Nxc2 16. Qxc2 a4 17. Be3 b6 18. Rbe1 Ra7 19. Bd1 Qd7 20. Bg5 e5 21. dxe6
fxe6 22. Qe2 Bd4+ 23. Kh1 Rf5 24. Bc1 Re5 25. Qd2 Rxe1 26. Rxe1 Qg7 27. Bc2 Rf7
28. Rd1 Be5 29. Qb4 Qf6 30. Be3 Qh4 31. Bg1 Qh5 32. Rf1 g5 33. Qxb6 Qh4 34.
Qd8+ Rf8 35. Qe7 Rf7 36. Qd8+ Rf8 37. Qe7 Rf7 38. Qd8+ 1/2-1/2

[Event "13. Sparkassen Open 2014 - Gruppe A"]
[Site "Forchheim"]
[Date "2014.10.04"]
[Round "4.20"]
[White "Berndt, Matthias"]
[Black "Wichmann, Adrian"]
[Result "1-0"]
[WhiteElo "2148"]
[BlackElo "1881"]
[PlyCount "105"]
[EventDate "2014.??.??"]
[WhiteTeam "FULDA"]
[BlackTeam "SC Forchheim"]

1. e4 c5 2. Nc3 g6 3. g3 Bg7 4. Bg2 Nc6 5. d3 Nf6 6. f4 d6 7. Nf3 O-O 8. O-O e6
9. h3 d5 10. e5 Nd7 11. Ne2 b5 12. Be3 Bb7 13. d4 c4 14. g4 f5 15. exf6 Nxf6
16. Ng3 Qd7 17. c3 a5 18. Qe2 b4 19. Rae1 Ne8 20. Bc1 Nc7 21. h4 Rae8 22. h5
gxh5 23. Nxh5 Re7 24. Bh3 Bc8 25. Rf2 Bh6 26. Ref1 Rff7 27. Ne5 Nxe5 28. fxe5
Rxf2 29. Qxf2 Bg7 30. Nxg7 Rf7 31. Qxf7+ Qxf7 32. Rxf7 Kxf7 33. Nh5 Nb5 34. Nf4
bxc3 35. Ne2 cxb2 36. Bxb2 Bd7 37. Kf2 Na7 38. Bc3 a4 39. Ke3 Nc8 40. Bb4 Bb5
41. Nc3 Bc6 42. Bc5 Kg6 43. Kf4 Bd7 44. g5 h6 45. gxh6 Kxh6 46. Bg4 Kg6 47. a3
Kf7 48. Kg5 Ne7 49. Bxe7 Kxe7 50. Bd1 Bc8 51. Bxa4 Bb7 52. Kg6 Bc8 53. Bb5 1-0

[Event "13. Sparkassen Open 2014 - Gruppe A"]
[Site "Forchheim"]
[Date "2014.10.04"]
[Round "4.21"]
[White "Süß, Stefan"]
[Black "Walter, Florian"]
[Result "1/2-1/2"]
[WhiteElo "1966"]
[BlackElo "2122"]
[PlyCount "100"]
[EventDate "2014.??.??"]
[WhiteTeam "SC Noris-Tarrasch Nürnberg"]
[BlackTeam "SC Noris-Tarrasch Nürnberg"]

1. e4 c5 2. Nf3 Nc6 3. d4 cxd4 4. Nxd4 g6 5. Be3 Bg7 6. c4 Nf6 7. Nc3 Nxd4 8.
Bxd4 O-O 9. Be2 d6 10. O-O Bd7 11. f3 a5 12. Nd5 Nxd5 13. cxd5 Qb8 14. Bxg7
Kxg7 15. Qd4+ Kg8 16. Rfc1 b5 17. Rc2 Rc8 18. Rac1 Qb7 19. Kf2 b4 20. Rxc8+
Rxc8 21. Rxc8+ Bxc8 22. Bc4 Qc7 23. Ke2 Bd7 24. Kd2 f6 25. Bd3 Kg7 26. Bc4 h5
27. b3 g5 28. Qe3 Kg6 29. f4 gxf4 30. Qxf4 Qc5 31. Qg3+ Kh6 32. Qf4+ Kg6 33.
Qg3+ Kf7 34. Qe3 Qxe3+ 35. Kxe3 f5 36. Bd3 fxe4 37. Kxe4 Kf6 38. Kf4 e6 39.
dxe6 Bxe6 40. h4 Bg4 41. g3 Bd1 42. Bf5 d5 43. g4 hxg4 44. Bxg4 Bc2 45. Bf3 Bb1
46. Bxd5 Bxa2 47. Ke4 a4 48. bxa4 Bxd5+ 49. Kd4 Ke6 50. h5 Kd6 1/2-1/2

[Event "13. Sparkassen Open 2014 - Gruppe A"]
[Site "Forchheim"]
[Date "2014.10.04"]
[Round "4.22"]
[White "Kirchhof, Arno"]
[Black "Martin Fernandez, Rodrigo"]
[Result "0-1"]
[WhiteElo "2053"]
[BlackElo "2159"]
[PlyCount "52"]
[EventDate "2014.??.??"]
[WhiteTeam "SC Zugzwang 95"]
[BlackTeam "SC Erlangen"]

1. d4 Nf6 2. c4 e6 3. Nf3 Bb4+ 4. Nbd2 O-O 5. a3 Bxd2+ 6. Bxd2 Ne4 7. g3 f5 8.
Bg2 d6 9. h4 Qe8 10. Ng5 Nxd2 11. Qxd2 h6 12. Nxe6 Bxe6 13. Bxb7 Nd7 14. Bxa8
Qxa8 15. d5 Bf7 16. O-O-O Ne5 17. Qd4 Qb7 18. f3 Qa6 19. Rd2 Qxc4+ 20. Qxc4
Nxc4 21. Rc2 Bxd5 22. b3 Nxa3 23. Rxc7 Nb5 24. Rd7 Rc8+ 25. Kd2 Kf8 26. Rc1 Bc6
0-1

[Event "13. Sparkassen Open 2014 - Gruppe A"]
[Site "Forchheim"]
[Date "2014.10.04"]
[Round "4.23"]
[White "Pölsterl, Hans"]
[Black "Flüchter, Gregor"]
[Result "0-1"]
[WhiteElo "1973"]
[BlackElo "2155"]
[PlyCount "114"]
[EventDate "2014.??.??"]
[WhiteTeam "SG Siemens Erlangen"]
[BlackTeam "SF Brackel"]

1. c4 c6 2. Nc3 Nf6 3. e4 d6 4. g3 g6 5. Bg2 Bg7 6. Nge2 O-O 7. d3 e5 8. h3 c5
9. Bg5 h6 10. Be3 Nc6 11. Qd2 Kh7 12. f4 Ng8 13. g4 f5 14. gxf5 gxf5 15. O-O-O
Nd4 16. Ng3 Qh4 17. Nxf5 Nxf5 18. exf5 Ne7 19. Rdf1 Nxf5 20. Be4 Be6 21. Rhg1
Kh8 22. Rg4 Qxh3 23. Rfg1 Rg8 24. Bf2 Bf6 25. Rg6 Raf8 26. Nd5 Bxd5 27. Bxf5
Qh2 28. cxd5 exf4 29. Rxg8+ Rxg8 30. Rxg8+ Kxg8 31. Be1 Qg1 32. Kc2 f3 33. Qf2
Qg2 34. Be4 Bh4 35. Qxg2+ fxg2 36. Bxg2 Bxe1 37. Bf3 Kf7 38. Kb3 Kg6 39. Kc4 h5
40. Kb5 h4 41. Bg2 Kf5 42. a4 Ke5 43. Kc4 Bf2 44. Bh3 Kf4 45. Bg2 Kg3 46. Be4
h3 47. Kb5 h2 48. a5 Bd4 49. b3 Kf2 50. Kc4 Kg1 51. b4 h1=Q 52. Bxh1 Kxh1 53.
bxc5 Bxc5 54. d4 Ba3 55. Kb5 Kg2 56. a6 bxa6+ 57. Kxa6 Kf3 0-1

[Event "13. Sparkassen Open 2014 - Gruppe A"]
[Site "Forchheim"]
[Date "2014.10.04"]
[Round "4.24"]
[White "Meulner, Klaus"]
[Black "Muth, Matthias P"]
[Result "1/2-1/2"]
[WhiteElo "2114"]
[BlackElo "2040"]
[PlyCount "241"]
[EventDate "2014.??.??"]
[WhiteTeam "SW Nürnberg"]
[BlackTeam "Gelnhausen"]

1. d4 d5 2. c4 c6 3. Nc3 Nf6 4. e3 e6 5. Nf3 Nbd7 6. Bd3 dxc4 7. Bxc4 b5 8. Bd3
Bd6 9. O-O O-O 10. Bd2 a6 11. Ng5 Bb7 12. Rc1 c5 13. Nce4 Nxe4 14. Nxe4 Bxe4
15. Bxe4 Bxh2+ 16. Kxh2 Qh4+ 17. Kg1 Qxe4 18. dxc5 Ne5 19. Qe2 Nd3 20. Rb1 Nxc5
21. Ba5 Rac8 22. a3 Nb3 23. Bc3 Rc4 24. Rbd1 a5 25. f3 Qg6 26. e4 Qg5 27. e5
Rfc8 28. f4 Qe7 29. Rd6 b4 30. axb4 axb4 31. Be1 Rc2 32. Qg4 Rxb2 33. Bh4 Qa7+
34. Kh1 h5 35. Qxh5 Qb7 36. Qg4 Qe4 37. Rfd1 Rb1 38. Bf6 Rxd1+ 39. Rxd1 Qg6 40.
Qxg6 fxg6 41. Be7 Rc1 42. Rxc1 Nxc1 43. Bxb4 Nd3 44. Bd2 Kf7 45. g3 g5 46. Kg2
Kg6 47. Kf3 gxf4 48. gxf4 Kf5 49. Be3 Nb4 50. Bd2 Nc6 51. Be3 g6 52. Bc5 g5 53.
fxg5 Nxe5+ 54. Ke3 Kxg5 55. Ke4 Nd7 56. Be7+ Kg6 57. Kf4 Kf7 58. Bh4 Nc5 59.
Ke3 Kg6 60. Bg3 Kf5 61. Bh2 Ne4 62. Bb8 Nc3 63. Kf3 Nb5 64. Ke3 Kf6 65. Kd3 Ke7
66. Kc4 Na3+ 67. Kb3 Nb5 68. Kc4 Nd6+ 69. Kd3 e5 70. Ke3 Ke6 71. Ba7 Kd5 72.
Bb8 Nc4+ 73. Ke2 e4 74. Ba7 Nd6 75. Bb8 Nb5 76. Bf4 Nd4+ 77. Kd2 Nf5 78. Bg5
Ke5 79. Ke2 Nd4+ 80. Ke3 Ne6 81. Bf6+ Kf5 82. Bb2 Nf4 83. Bd4 Nd5+ 84. Ke2 Kf4
85. Ba7 Nc3+ 86. Ke1 Kf3 87. Bb6 Nd5 88. Ba7 Ne3 89. Kd2 Nd5 90. Bc5 Nf4 91.
Ba7 Nd3 92. Bb6 Kf4 93. Bc7+ Kf5 94. Bb6 Ke5 95. Bc7+ Kd5 96. Bb6 Ne5 97. Ba7
Nc6 98. Bb6 Nd4 99. Ke3 Nf5+ 100. Ke2 Kc4 101. Ba7 Kc3 102. Bb6 Kc4 103. Ba7
Nd6 104. Bb6 Nb5 105. Ke3 Kd5 106. Ke2 Nc3+ 107. Kd2 Na4 108. Ba7 Nb2 109. Ke2
Nc4 110. Bg1 Nd6 111. Ba7 Nb5 112. Bg1 Nd4+ 113. Kf1 Kc4 114. Be3 Kd3 115. Bg5
Nf5 116. Kf2 Ng7 117. Ke1 Ne6 118. Bh6 Nd4 119. Kf2 Nf3 120. Bf4 Nd2 121. Ke1
1/2-1/2

[Event "13. Sparkassen Open 2014 - Gruppe A"]
[Site "Forchheim"]
[Date "2014.10.04"]
[Round "4.25"]
[White "Schäfer, Sven"]
[Black "Monninger, Moritz"]
[Result "1-0"]
[WhiteElo "1966"]
[BlackElo "2152"]
[PlyCount "80"]
[EventDate "2014.??.??"]
[WhiteTeam "SK Dessau"]
[BlackTeam "SV Puschendorf"]

1. e4 d5 2. exd5 Qxd5 3. Nc3 Qa5 4. d4 Nf6 5. Nf3 c6 6. Bc4 Bf5 7. Bd2 Nbd7 8.
Qe2 Qc7 9. Bb3 e6 10. h3 Bd6 11. g4 Bg6 12. O-O-O O-O-O 13. Rhe1 Nd5 14. Ne5
Nxe5 15. dxe5 Be7 16. Nxd5 cxd5 17. f4 h5 18. Be3 Bc5 19. Qf2 Bxe3+ 20. Qxe3
hxg4 21. hxg4 Rh2 22. c3 Kb8 23. Rd2 Rh4 24. Rg1 Be4 25. Bc2 Bxc2 26. Kxc2 Rdh8
27. f5 Rh3 28. Qd4 Qe7 29. Rf2 Rc8 30. Kb1 Rc4 31. Qd2 Rh4 32. g5 exf5 33. Qxd5
g6 34. Rd2 Rc5 35. Qd6+ Qxd6 36. exd6 Kc8 37. Re1 Re4 38. Rh1 Kd7 39. Rh7 Rc8
40. Rxf7+ Ke6 1-0